000 00565nam a22002057a 4500
003 OSt
005 20151202171417.0
008 151202b xxu||||| |||| 00| 0 eng d
020 _a0205359558
040 _cDDC.
082 _a371.10 COO2003
100 _aCooper,J. Pamela;Simonds,J.Cheri;
_96452
245 _aCommunication for the Classroom Teacher.
250 _a7th ed.
260 _aBoston,New York;
_bA and B;
_c2003.
300 _axv,334p;
_bill;
_c23cm
504 _aIndex and references are included.
650 _aEducation.
_91404
942 _2ddc
_cSLOAN
999 _c2787
_d2787